000 00703nam a22002057a 4500
999 _c174948
_d174948
005 20200728113435.0
010 _aENG-128284
020 _c399.00
_a9789352836635
035 _aEN-111816
037 _bDBAD/PUB
082 _a657.48
100 _aGupta,SC
245 _a Financial Accounting/
_cby S C Gupta,M C Shukla and T S grewal ; M P Gupta ,B M Agarwall
_bSemester-1/Facgcoro1t
260 _aNew Delhi
_bS.Chand
_c2019
270 _aHead Office:7361,Ram Nagar,Qutab Rord
_bNew Delhi
_e110055
_k23672080
_l91-11-23677446
_minfo@schandpublishing.com
300 _axvi;various pages.
_c24cm(pbk)
700 _aGupta,M P
700 _aAgarwal B M
942 _2ddc
_cEN
_h657.95
_mGUP